Troia: Brücke zwischen Orient und Okzident
| Corporate Author: | |
|---|---|
| Contributors: | |
| Format: | Print Book |
| Language: | German |
| Subito Delivery Service: | Order now. |
| Check availability: | HBZ Gateway |
| Interlibrary Loan: | Interlibrary Loan for the Fachinformationsdienste (Specialized Information Services in Germany) |
| Published: |
Tübingen
Attempto Verl.
1992
|
| In: | Year: 1992 |
| Series/Journal: | Attempto Studium Generale
|
| Standardized Subjects / Keyword chains: | B
Troy
/ Excavation
/ History
|
| Further subjects: | B
Collection of essays
B Schliemann, Heinrich 1822-1890 B Turkey Antiquities B Excavations (Archaeology) Turkey B Conference program B Troy (Extinct city) History |
| Online Access: |
Table of Contents |
MARC
| LEADER | 00000cam a2200000 c 4500 | ||
|---|---|---|---|
| 001 | 122894073 | ||
| 003 | DE-627 | ||
| 005 | 20251222200850.0 | ||
| 007 | tu | ||
| 008 | 930305s1992 gw ||||| 00| ||ger c | ||
| 015 | |a 91,N48,0537 |2 dnb | ||
| 016 | 7 | |a 910939942 |2 DE-101 | |
| 020 | |a 389308150X |9 3-89308-150-X | ||
| 035 | |a (DE-627)122894073 | ||
| 035 | |a (DE-576)027950832 | ||
| 035 | |a (DE-599)GBV122894073 | ||
| 035 | |a (AT-OBV)AC00382604 | ||
| 040 | |a DE-627 |b ger |c DE-627 |e rakwb | ||
| 041 | |a ger | ||
| 044 | |c XA-DE | ||
| 050 | 0 | |a DF221.T8 | |
| 082 | 0 | |a 939/.21 | |
| 084 | |a 60 |2 sdnb | ||
| 084 | |a 6,14 |a 6,22 |2 ssgn | ||
| 084 | |a LF 4140 |2 rvk |0 (DE-625)rvk/91615: | ||
| 084 | |a NF 1140 |2 rvk |0 (DE-625)rvk/125203: | ||
| 084 | |a 15.17 |2 bkl | ||
| 084 | |a 15.27 |2 bkl | ||
| 084 | |a 15.19 |2 bkl | ||
| 245 | 0 | 0 | |a Troia |b Brücke zwischen Orient und Okzident |c hrsg. von Ingrid Gamer-Wallert |
| 264 | 1 | |a Tübingen |b Attempto Verl. |c 1992 | |
| 300 | |a 289 S. |b Ill. |c 21 cm |e Kt | ||
| 336 | |a Text |b txt |2 rdacontent | ||
| 337 | |a ohne Hilfsmittel zu benutzen |b n |2 rdamedia | ||
| 338 | |a Band |b nc |2 rdacarrier | ||
| 490 | 0 | |a Attempto Studium Generale | |
| 500 | |a Bibliographie | ||
| 583 | 1 | |a Archivierung/Langzeitarchivierung gewährleistet |f PEBW |x XA-DE-BW |2 pdager |5 DE-24 | |
| 583 | 1 | |a Archivierung/Langzeitarchivierung gewährleistet |f SSG |x XA-DE-BW |2 pdager |5 DE-21 | |
| 583 | 1 | |a Archivierung/Langzeitarchivierung gewährleistet |f SSG |x XA-DE-BW |2 pdager |5 DE-16 | |
| 583 | 1 | |a Archivierung prüfen |c 20240324 |f DE-4165 |z 3 |2 pdager | |
| 653 | 0 | |a Troy (Extinct city) |a History | |
| 653 | 0 | |a Schliemann, Heinrich |a 1822-1890 | |
| 653 | 0 | |a Excavations (Archaeology) |a Turkey | |
| 653 | 0 | |a Turkey |a Antiquities | |
| 655 | 7 | |a Aufsatzsammlung |0 (DE-588)4143413-4 |0 (DE-627)105605727 |0 (DE-576)209726091 |2 gnd-content | |
| 655 | 7 | |a Konferenzschrift |0 (DE-588)1071861417 |0 (DE-627)826484824 |0 (DE-576)433375485 |2 gnd-content | |
| 689 | 0 | 0 | |d g |0 (DE-588)4060974-1 |0 (DE-627)104451998 |0 (DE-576)209137452 |2 gnd |a Troja |
| 689 | 0 | 1 | |d s |0 (DE-588)4129464-6 |0 (DE-627)104660694 |0 (DE-576)209610735 |2 gnd |a Ausgrabung |
| 689 | 0 | 2 | |q z |2 gnd |a Geschichte |
| 689 | 0 | |5 DE-101 | |
| 689 | 1 | 0 | |d g |0 (DE-588)4060974-1 |0 (DE-627)104451998 |0 (DE-576)209137452 |2 gnd |a Troja |
| 689 | 1 | 1 | |d s |0 (DE-588)4129464-6 |0 (DE-627)104660694 |0 (DE-576)209610735 |2 gnd |a Ausgrabung |
| 689 | 1 | 2 | |q z |2 gnd |a Geschichte |
| 689 | 1 | |5 (DE-627) | |
| 700 | 1 | |e Hrsg. |0 (DE-588)120483521 |0 (DE-627)080703925 |0 (DE-576)292244002 |4 edt |a Gamer-Wallert, Ingrid |d 1936- | |
| 710 | 2 | |0 (DE-588)2094350-7 |0 (DE-627)100565166 |0 (DE-576)19281060X |4 oth |a Eberhard Karls Universität Tübingen |b Studium Generale | |
| 856 | 4 | 2 | |u http://d-nb.info/910939942/04 |m V:AT-OBV |q application/pdf |v 20130501 |x Verlag |3 Inhaltsverzeichnis |7 1 |
| 935 | |i Blocktest | ||
| 936 | r | v | |a LF 4140 |b Troja (Ilion) |k Klassische Archäologie |k Topografie und Grabungspublikationen |k Ausgrabungspublikationen und topografische Literatur |k Orte und Landschaften T |k Troja (Ilion) |0 (DE-627)1271491583 |0 (DE-625)rvk/91615: |0 (DE-576)201491583 |
| 936 | r | v | |a NF 1140 |b Grabungswesen, Bodenkunde, Konservierung, Prospektion |k Geschichte |k Ur- und Frühgeschichte / Prähistorische Archäologie |k Allgemeines |k Grabungswesen, Bodenkunde, Konservierung, Prospektion |0 (DE-627)127144982X |0 (DE-625)rvk/125203: |0 (DE-576)20144982X |
| 936 | b | k | |a 15.17 |j Klassische Archäologie |0 (DE-627)106419749 |
| 936 | b | k | |a 15.27 |j Griechische Welt |x Alte Geschichte |0 (DE-627)106419781 |
| 936 | b | k | |a 15.19 |j Vor- und Frühgeschichte |q coli-conc RVK->BK |q https://coli-conc.gbv.de/api/mappings/75cc445c-571d-40a5-a765-030d7671b9ad |0 (DE-627)10640329X |
| 951 | |a BO | ||
| ACO | |a 1 | ||
| BIB | |a 1 | ||
| ELC | |b 1 | ||
| ITA | |a 1 |t 1 | ||
| LOK | |0 000 xxxxxcx a22 zn 4500 | ||
| LOK | |0 001 3113796075 | ||
| LOK | |0 003 DE-627 | ||
| LOK | |0 004 122894073 | ||
| LOK | |0 005 20020413000000 | ||
| LOK | |0 008 950306||||||||||||||||ger||||||| | ||
| LOK | |0 040 |a DE-21 |c DE-627 |d DE-21 | ||
| LOK | |0 852 |a DE-21 | ||
| LOK | |0 852 1 |c 34 A 21091 |9 00 | ||
| LOK | |0 938 |l 26 |8 2 | ||
| LOK | |0 939 |a 06-03-95 |b l01 | ||
| LOK | |0 000 xxxxxcx a22 zn 4500 | ||
| LOK | |0 001 3113796121 | ||
| LOK | |0 003 DE-627 | ||
| LOK | |0 004 122894073 | ||
| LOK | |0 005 20100407080836 | ||
| LOK | |0 008 050309||||||||||||||||ger||||||| | ||
| LOK | |0 040 |a DE-21-52 |c DE-627 |d DE-21-52 | ||
| LOK | |0 541 |e 92/752 | ||
| LOK | |0 689 |a s |0 1310867895 |a Troja | ||
| LOK | |0 689 |a s |0 1310858845 |a Schliemann, Heinrich | ||
| LOK | |0 852 |a DE-21-52 | ||
| LOK | |0 852 1 |c Qd 141 |m p |9 00 | ||
| LOK | |0 935 |a k052 | ||
| LOK | |0 938 |k p | ||
| LOK | |0 939 |a 09-03-05 |b l01 | ||
| LOK | |0 000 xxxxxcx a22 zn 4500 | ||
| LOK | |0 001 311379613X | ||
| LOK | |0 003 DE-627 | ||
| LOK | |0 004 122894073 | ||
| LOK | |0 005 20190712111851 | ||
| LOK | |0 008 030227||||||||||||||||ger||||||| | ||
| LOK | |0 040 |a DE-21-45 |c DE-627 |d DE-21-45 | ||
| LOK | |0 541 |e 37772 | ||
| LOK | |0 852 |a DE-21-45 | ||
| LOK | |0 852 1 |c T 2363 |m p |9 00 | ||
| LOK | |0 852 2 |b U14 |9 00 | ||
| LOK | |0 935 |a k045 |a inte | ||
| LOK | |0 938 |k p | ||
| LOK | |0 939 |a 27-02-03 |b l01 | ||
| LOK | |0 000 xxxxxcx a22 zn 4500 | ||
| LOK | |0 001 3113796148 | ||
| LOK | |0 003 DE-627 | ||
| LOK | |0 004 122894073 | ||
| LOK | |0 005 20090126103628 | ||
| LOK | |0 008 040218||||||||||||||||ger||||||| | ||
| LOK | |0 040 |a DE-21-11 |c DE-627 |d DE-21-11 | ||
| LOK | |0 541 |e K94-095 | ||
| LOK | |0 852 |a DE-21-11 | ||
| LOK | |0 852 1 |c KLA Sa Tübi 4 |m p |9 00 | ||
| LOK | |0 935 |a k011 |a klar | ||
| LOK | |0 938 |k p | ||
| LOK | |0 939 |a 18-02-04 |b l01 | ||
| LOK | |0 000 xxxxxcx a22 zn 4500 | ||
| LOK | |0 001 3113796156 | ||
| LOK | |0 003 DE-627 | ||
| LOK | |0 004 122894073 | ||
| LOK | |0 005 20090126115317 | ||
| LOK | |0 008 041130||||||||||||||||ger||||||| | ||
| LOK | |0 040 |a DE-21-11 |c DE-627 |d DE-21-11 | ||
| LOK | |0 541 |e A95-2091 | ||
| LOK | |0 852 |a DE-21-11 | ||
| LOK | |0 852 1 |c AOR Dg Gamer 1 |m p |9 00 | ||
| LOK | |0 935 |a k011 |a aori | ||
| LOK | |0 938 |k p | ||
| LOK | |0 939 |a 30-11-04 |b l02 | ||
| LOK | |0 000 xxxxxcx a22 zn 4500 | ||
| LOK | |0 001 3113796199 | ||
| LOK | |0 003 DE-627 | ||
| LOK | |0 004 122894073 | ||
| LOK | |0 005 20140404115512 | ||
| LOK | |0 008 130624||||||||||||||||ger||||||| | ||
| LOK | |0 040 |a DE-21-14 |c DE-627 |d DE-21-14 | ||
| LOK | |0 541 |e J227/95 | ||
| LOK | |0 689 |a g |a Türkei | ||
| LOK | |0 689 |a s |a Befestigungen | ||
| LOK | |0 689 |a s |a Siedlungen | ||
| LOK | |0 689 |a s |a Forschungsgeschichte | ||
| LOK | |0 852 |a DE-21-14 | ||
| LOK | |0 852 1 |c 8.4 GAME |m p |9 00 | ||
| LOK | |0 852 2 |b Besprechungszimmer |9 00 | ||
| LOK | |0 935 |a k014 |a i014 |a besp | ||
| LOK | |0 938 |k p | ||
| LOK | |0 939 |a 24-06-13 |b l01 | ||
| ORI | |a SA-MARC-ixtheoa001.raw | ||
| REL | |a 1 | ||
| STA | 0 | 0 | |a Excavation,Excavation,History,History,History in art,Troy,Troy |
| STB | 0 | 0 | |a Fouille,Fouille,Histoire,Histoire,Histoire,Troie |
| STC | 0 | 0 | |a Excavación,Excavación,Excavación,Historia,Historia,Historia,Troya |
| STD | 0 | 0 | |a Scavi archeologici,Scavi archeologici,Storia,Storia,Troia |
| STE | 0 | 0 | |a 历史,史,挖掘,特洛伊 |
| STF | 0 | 0 | |a 挖掘,歷史,史,特洛伊 |
| STG | 0 | 0 | |a Escavação,Escavação,História,História,Troia |
| STH | 0 | 0 | |a История (мотив),История,Раскопки (мотив),Раскопки,Троя (мотив) |
| STI | 0 | 0 | |a Ανασκαφή (μοτίβο),Ανασκαφή,Ιστορία (μοτίβο),Ιστορία,Τροία (μοτίβο) |
| SUB | |a BIB |a REL | ||
| SYG | 0 | 0 | |a Ilion,Truva,Troia, Anatolien,Hisarlik,Ilios , Grabung,Archäologische Grabung,Ausgrabungen,Grabungen , History,Geschichtliche Epoche,Historical development,Historische Entwicklung,Landesgeschichte,Regionalgeschichte,Ortsgeschichte,Zeitgeschichte , Ilion,Truva,Troia, Anatolien,Hisarlik,Ilios , Grabung,Archäologische Grabung,Ausgrabungen,Grabungen , History,Geschichtliche Epoche,Historical development,Historische Entwicklung,Landesgeschichte,Regionalgeschichte,Ortsgeschichte,Zeitgeschichte |



